Transport economy : (Record no. 547344)

000 -LEADER
fixed length control field 00691nam a2200193 a 4500
020 ## - INTERNATIONAL STANDARD BOOK NUMBER
International Standard Book Number 8174880992
082 ## - DEWEY DECIMAL CLASSIFICATION NUMBER
Classification number 625.7
Author Mark SIN
-- L-38, P-32
100 0# - MAIN ENTRY--PERSONAL NAME
Personal name Inder Jit Singh.
9 (RLIN) 43547
245 10 - TITLE STATEMENT
Title Transport economy :
Remainder of title comparative study of Punjab & Haryana Roadways /
Statement of responsibility, etc. Inder Jit Singh.
250 ## - EDITION STATEMENT
Edition statement 1st ed.
260 ## - PUBLICATION, DISTRIBUTION, ETC.
Place of publication, distribution, etc. New Delhi :
Name of publisher, distributor, etc. Anmol Publications,
Date of publication, distribution, etc. 1995.
300 ## - PHYSICAL DESCRIPTION
Extent xiii, 247 p. ;
Dimensions 22 cm.
526 ## - STUDY PROGRAM INFORMATION NOTE
Program name 0
Interest level 0
Reading level 0
Title point value 625_700000000000000_SIN
650 #0 - SUBJECT ADDED ENTRY--TOPICAL TERM
Topical term or geographic name entry element Bus lines
General subdivision Government policy
Geographic subdivision India
-- Punjab.
9 (RLIN) 43548
650 #0 - SUBJECT ADDED ENTRY--TOPICAL TERM
Topical term or geographic name entry element MCE
9 (RLIN) 379
650 #0 - SUBJECT ADDED ENTRY--TOPICAL TERM
Topical term or geographic name entry element Transportation
Geographic subdivision India
-- Punjab
General subdivision Passenger traffic.
9 (RLIN) 43549
650 #0 - SUBJECT ADDED ENTRY--TOPICAL TERM
Topical term or geographic name entry element Transportation, Automotive
Geographic subdivision India
-- Punjab.
9 (RLIN) 43550
942 ## - ADDED ENTRY ELEMENTS (KOHA)
Source of classification or shelving scheme
Koha item type Book
Holdings
Withdrawn status Lost status Source of classification or shelving scheme Damaged status Not for loan Permanent Location Current Location Date acquired Total Checkouts Full call number Barcode Date last seen Price effective from Koha item type
          Military College of Engineering (MCE) Military College of Engineering (MCE) 07/11/2014   625.7 SIN MCE-29603 07/11/2014 07/11/2014 Book
© 2023 Central Library, National University of Sciences and Technology. All Rights Reserved.